000 00567nam a2200181Ia 4500
008 090124s9999 xx 000 0 und d
082 _b132594
100 _aलिंबाळे शरणकुमार
245 _a दलित ब्राह्मण
250 _a2
260 _c2004
300 _a208
600 _aलिंबाळे शरणकुमार
630 _a दलित ब्राह्मण
700 _aलिंबाळे शरणकुमार
730 _a दलित ब्राह्मण
942 _cBOOK
999 _c178692
_d178692